Great battles
| Other Authors: | |
|---|---|
| Format: | Book |
| Language: | English |
| Published: |
Bath, UK
Parragon Pub.
2007
|
| Subjects: |
| LEADER | 00536cam a2200193 a 4500 | ||
|---|---|---|---|
| 001 | 0000118767 | ||
| 005 | 20100311090000.0 | ||
| 040 | |a mod | ||
| 041 | |a eng | ||
| 020 | 0 | 0 | |a 9781405486576 |
| 090 | 0 | 0 | |a 355.4 |b GRE |c f |e 2008 |
| 245 | 1 | 0 | |a Great battles |c general editor, Christer Jorgensen |
| 260 | 0 | 0 | |a Bath, UK |b Parragon Pub. |c 2007 |
| 300 | 0 | 0 | |a 256 p. |b ill. |c 29 cm |
| 500 | 0 | 0 | |a Includes index |
| 650 | 0 | 0 | |a Battles |x History |
| 700 | 1 | 1 | |a Jorgensen |h Christer |y 1967- |
| 852 | 0 | 0 | |a 01 |
| 999 | |a 0284184 |b 5 BGD |d BOOKS |e Umum |f 5 BGD |j AVAILABLE |q GOOD CONDITION | ||